Les pays battues par l'Albanie - Statistiques

Statistiques générales
  • Ce quiz a été pris 136 fois
    51 depuis la dernière actualisation
  • Le résultat moyen est 25 sur 50
Statistiques - réponses
Victoire(s) Pays % Correct
2 Serbie
96%
1 France
91%
5 Grèce
83%
4 Turquie
78%
1 Kosovo
76%
3 Roumanie
72%
1 Russie
72%
1 Bosnie-Herzégovine
70%
2 Macédoine du Nord
70%
2 Monténégro
70%
3 Bulgarie
67%
2 Pologne
65%
1 Portugal
65%
1 Slovénie
65%
1 Suède
59%
1 Belgique
57%
2 Hongrie
57%
1 Norvège
57%
4 Luxembourg
54%
1 Estonie
52%
5 Moldavie
52%
4 Saint-Marin
52%
7 Andorre
50%
2 Finlande
50%
1 Lettonie
50%
2 Lituanie
50%
5 Malte
50%
1 Ukraine
50%
4 Liechtenstein
48%
2 Chypre
46%
1 Danemark
46%
4 Arménie
43%
2 Algérie
41%
4 Azerbaidjan
39%
4 Géorgie
39%
1 Iran
39%
1 République Tchèque
39%
2 Israel
37%
3 Islande
35%
3 Biélorussie
33%
2 Irlande du Nord
28%
1 Pays de Galles
28%
2 Qatar
28%
1 Gibraltar
26%
3 Kazakhstan
24%
1 Ouzbékistan
22%
1 Iles Féroé
20%
1 Jordanie
20%
2 Tchécoslovaquie
11%
1 Viet Nam
2%
Aucun quiz correspondant
Distribution des résultats
% des personnes avec chaque résultat
Percentile par nombre de réponses
Votre historique - résultats
Vous n’avez pas pris ce quiz depuis la dernière actualisation